000
00260nam a22001217a 4500
020
_a
0-7214-1440-0
082
_a
823
_b
DAV/C
100
_a
DAVIS, JIM
245
_a
CARFIELD THE HERO
260
_a
UK
_b
LADY BIRD
650
_a
ENGLISH SHORT STORY
_z
UK
942
_c
BK
999
_c
2413
_d
2413